000
00262 a2200097 4500
001
31950
100
_a
Page Lavo B
245
_a
Probability for Engineering with application to reliability
260
_a
N.Y
_b
Computer Science Press
_c
1989
090
_c
21474
_d
21474
942
_a
NUST-CAE
_c
M
_c
12752
999
_c
267023
_d
267023